Òdena ... un lloc per viure! / Text: Olga Solé ; fotografia i composició: Alfons Mula Olga Solé ; fotografia i composició:
Descripción Física:
41 p. : il., col. ; 20 cm
Otros Autores:
Mula, Alfons, fot
Materias:
Òdena
MARC
| LEADER | 00000nam a2200000Ia 4500 | ||
|---|---|---|---|
| 001 | 12655 | ||
| 008 | 160829s1995 xx 000 0 cat d | ||
| 080 | |a FU-15-34 | ||
| 100 | |a Solé, Olga |9 28682 | ||
| 245 | |a Òdena ... un lloc per viure! / Text: |b Olga Solé ; fotografia i composició: |b Alfons Mula | ||
| 260 | |a Òdena : |b Ajuntament, |c 1995 | ||
| 300 | |a 41 p. : |b il., col. ; |c 20 cm | ||
| 590 | |a Amb el suport de: Diputació de Barcelona | ||
| 651 | 0 | |a Òdena |9 50944 | |
| 700 | |a Mula, Alfons, fot. |9 28685 | ||
| 710 | |a Òdena (Catalunya). |b Ajuntament |9 53672 | ||
| 710 | 1 | |a Barcelona (Catalunya : Província). |b Diputació |9 52408 | |
| 901 | |a Arxiu | ||
| 942 | |n 1 | ||
| 952 | |0 0 |1 0 |4 0 |6 FU1534 |7 1 |9 44905 |a Arxiu |b Arxiu |d 2016-12-01 |l 0 |o FU-15-34 |p 12655 |r 2016-12-01 00:00:00 |w 2016-12-01 |y ARXIU | ||
| 999 | |c 47504 |d 47504 | ||